000
00248nam a2200097Ia 4500
001
693029
005
20250826161906.0
008
250824s9999 xx 000 0 und d
245
0
_a
KIYI KİTABI/E.TEMELKURAN/EVEREST
_c
ECE TEMELKURAN
260
_b
EVEREST
999
_c
693029
_d
693029